Tunnista urheilijat - Statistics

Yleistilastot
  • Tätä visaa on pelattu 157 kertaa
  • Keskiarvotulos 9 / 20
Vastaustilastot
Kuvavisa Hint Vastaus % Oikein
jalkapallo Lionel Messi
98%
jalkapallo Cristiano Ronaldo
92%
ampumahiihto Kaisa Mäkäräinen
91%
pikajuoksu Usain Bolt
89%
mäkihyppy Matti Nykänen
87%
jalkapallo Diego Maradona
86%
nyrkkeily Mike Tyson
86%
golf Tiger Woods
83%
Formula 1 Lewis Hamilton
78%
kestävyysjuoksu Paavo Nurmi
78%
tennis Serena Williams
74%
seiväshyppy Armand Duplantis
71%
jääkiekko Jaromír Jágr
71%
uinti Michael Phelps
68%
Formula 1 Michael Schumacher
67%
jalkapallo Pelé
67%
maastohiihto Therese Johaug
65%
jääkiekko Aleksandr Ovetškin
64%
nyrkkeily Muhammad Ali
64%
maastohiihto Johannes Høsflot Klæbo
60%
jääkiekko Wayne Gretzky
58%
koripallo Michael Jordan
57%
tennis Roger Federer
53%
Formula 1 Ayrton Senna
52%
tennis Rafael Nadal
50%
telinevoimistelu Simone Biles
47%
suunnistus Minna Kauppi
46%
maastohiihto Petter Northug
45%
jääkiekko Jevgeni Malkin
44%
ralli Juha Kankkunen
41%
maastohiihto Marit Bjørgen
36%
pikajuoksu & aitajuoksu Femke Bol
35%
kestävyysjuoksu Mo Farah
33%
keihäänheitto Jan Železný
31%
jalkapallo Marta Vieira da Silva
28%
ampumahiihto Laura Dahlmeier
24%
seiväshyppy Serhi Bubka
24%
pikajuoksu & pituushyppy Carl Lewis
20%
seiväshyppy Jelena Isinbajeva
18%
ampumahiihto Martin Fourcade
18%
ralli Sébastien Loeb
18%
ampumahiihto Ole Einar Bjørndalen
17%
pikajuoksu Shelly-Ann Fraser-Pryce
17%
tennis Martina Navrátilová
15%
kestävyysjuoksu Sifan Hassan
13%
pikajuoksu Elaine Thompson-Herah
12%
pikajuoksu Florence Griffith-Joyner
11%
pikajuoksu Michael Johnson
11%
tennis Novak Đoković
11%
7-ottelu & pituushyppy Jackie Joyner-Kersee
10%
uinti Katie Ledecky
7%
suunnistus Simone Niggli
6%
taitoluistelu Yuzuru Hanyū
6%
taitoluistelu Yuna Kim
5%
taitoluistelu Jevgeni Pljuštšenko
0%
taitoluistelu Julija Lipnitskaja
0%
telinevoimistelu Larisa Latynina
0%
uinti Missy Franklin
0%
uinti Ryan Lochte
0%
Ehtoja vastaavia visoja ei löytynyt
Tulosjakauma
Jokaisen tuloksen saaneiden osuus
Persentiili vastausten määrän mukaan
Tuloshistoriasi
Et ole pelannut tätä visaa